Marki samochodów na literę A - Statystyki

Ogólne statystyki
  • Ten quiz został rozwiązany 52 razy
  • Średni wynik to 4 z 10
Statystyki odpowiedzi
Kraj Marka % Poprawnych
Niemcy Audi
88%
Włochy Alfa Romeo
73%
Wielka Brytania Aston Martin
70%
Wielka Brytania AC
48%
Japonia Acura
45%
Włochy Abarth
35%
Rumunia ARO
15%
Francja Alpine
13%
Francja Aixam
8%
Niemcy Alpina
8%
Nie znaleziono quizów pasujących do podanych kryteriów
Rozkład punktacji
Procent ludzi z każdym wynikiem
Percentyl według liczby udzielonych odpowiedzi
Twoja historia wyników
Nie rozwiązałeś tego quizu